Demokratie heute

Titel: Demokratie heute : Jan-Patočka-Gedächtnisvorlesung des IWM 1993 / Mario Vargas Llosa
Verfasser:
Ausgabe: Dt. Erstausg.
Veröffentlicht: Wien : Passagen-Verl., 1993
Umfang: 29 S.
Format: Buch
Sprache: Deutsch
Schriftenreihe/
mehrbändiges Werk:
Passagen-Heft ; 8
RVK-Notation:
Schlagworte:
ISBN: 3851650727
Buchumschlag
X
Lokale Klassifikation: 2 P 877 ; 23 15 S
alg: 2604890
001A    $06000:21-03-94 
001B    $01999:28-04-23 $t20:46:36.000 
001C    $03004:11-11-13 $t10:26:55.000 
001D    $09999:99-99-99 
001U    $0utf8 
001X    $00 
002@    $0Aau 
003@    $0026048906 
003O    $075355584 $aOCoLC 
004A    $03-85165-072-7 
006G    $0930958098 
006U    $094,A13,0303 
007A    $0930958098 $aDNB 
007T    $0Herdhh026048906 
010@    $ager 
011@    $a1993 
015@    $0Z 
021A    $aDemokratie heute $dJan-Patočka-Gedächtnisvorlesung des IWM 1993 $hMario Vargas Llosa 
028A    $#Vargas-Llosa, Mario $#Llosa, Mario $#Vargas Llosa, Jorge Mario Pedro $#Marqués de Vargas Llosa $#Marqués Vargas Llosa $#Llosa, Mario Vargas $#Vargas, Mario $#Ṿargas Yosah, Mario $#Vargas Losa, M. $#Vargas, Ljosa, Mario mazedon. Namensform $#Vargas L'osa, Mario $#Yôsā, Maryô Wargas $#Wargas, Yôsā, Maryô $#Fārġās Īyūṣā, Mārīyū $#Llosa, Mario V. $#Vargas, Mario $#Llosa, Mario Vargas- $7118803964 $8Vargas Llosa, Mario$Z1936- [Tp1] $9087144557 
032@    $aDt. Erstausg. 
033A    $pWien $nPassagen-Verl. 
034D    $a29 S. 
036E    $aPassagen-Heft $l8 
036F    $x18 $8Passagen Heft $9186511639 $l8 
041A    $#Nation-state $#Nation $#Nation $#Nation $#Nationalgedanke $#Nationale Frage Nation $#Nationen $74041279-9 $8Nation [Ts1] $9085112968 
041A/01 $RHerrschaftssystem $RParteienstaat $RRepublik $RVolkssouveränität $RDemokratische Bewegung $RDemokrat $RPostdemokratie $#Democracy $#Démocratie $#Volksherrschaft $#Demokratischer Staat $#Democracy $74011413-2 $8Demokratie [Ts1] $9085023183 
045E    $a16 $a14 
045F    $a100 $eDDC23BSB 
045F/01 $a100 
045F/03 $g4371 
045G    $a306.094371 $eDDC23BSB 
045G/01 $a306.09 
045G/03 $g4371 
045Z    $8IQ 52060 [Tkv] $940900880X 
046L    $aAus dem Span. übers. 

lok: 2604890 24
101B    $011-11-13 $t10:26:55.000 
101U    $0utf8 
145Z/01 $a2 P 877 
145Z/02 $a23 15 S 

exp: 2604890 24 1 #EPN
201B/01 $011-11-13 $t10:26:55.000 
201U/01 $0utf8 
203@/01 $0086591061 
208@/01 $a11-11-13 $bz 
209A/01 $aS 13084 $du $f050 $hS 13084 $x00 
209C/01 $a94.2475 K $h94 2475 K 
209G/01 $a73386411 $x00 
244Z/01 $#Patočka, Jan $#Patočka, Jean $7118591983 $8--Tp1--Patočka, Jan$Z1907-1977 $x01 $9086932977 
247C/01 $8358050-7 Marburg, Bibliothek des Herder-Instituts Marburg $9102600961 

lok: 2604890 78

exp: 2604890 78 1 #EPN
201B/01 $025-11-17 $t22:49:29.000 
201U/01 $0utf8 
203@/01 $0792808975 
208@/01 $a12-11-16 $be 
209A/01 $a/ $f000 $x00 
237A/01 $aAus dem Span. übers. - weiterführende Signatur(en): Herder-Institut: S 13084 
244Z/01 $#Tschechien $#Tschechische Republik $#Tschechische Republik $#Tschechenland $#Tschechei Tschechien $#Česká Republika $#Czech Republic $#ČR $74303381-7 $8--Tg1--Tschechien $x01 $9086659812 
244Z/01 $2Trx $#Böhmen $#Bohemia $#Czechy $8--Trx--Čechy $x02 $9391188941 
244Z/01 $2Trx $8--Trx--Monographie $x03 $9391384546 
245Z/01 $a11.01 $x01 
247C/01 $82080>Marburg/Lahn, Herder-Institut, Forschungsbibliothek, Bibliographieportal $9336309341
LEADER 00000cam a2200000 c 4500
001 026048906
003 DE-603
005 20230428204636.0
007 tu
008 940321s1993 xx |||| | u00||u|ger
015 |a 94,A13,0303  |2 dnb 
016 7 |2 DE-101  |a 930958098 
020 |a 3851650727 
035 |a (DE-599)DNB930958098 
035 |a (OCoLC)75355584 
040 |a DE-603  |b ger  |c DE-603  |d DE-603 
041 |a ger 
082 0 4 |8 1\u  |a 100  |q DE-101  |2 23/BSB 
083 0 |8 2\u  |a 306.094371  |q DE-101  |2 23/BSB 
084 |a 16  |a 14  |q DE-101  |2 sdnb 
084 |a IQ 52060  |0 (DE-625)65150:11639  |0 (DE-603)40900880X  |2 rvk 
085 |8 1\u  |b 100 
085 |8 1\u  |z 2  |s 4371 
085 |8 2\u  |b 306.09 
085 |8 2\u  |z 2  |s 4371 
100 1 |a Vargas Llosa, Mario  |d 1936-  |0 (DE-603)087144557  |0 (DE-588)118803964  |2 gnd 
245 0 0 |a Demokratie heute  |b Jan-Patočka-Gedächtnisvorlesung des IWM 1993  |c Mario Vargas Llosa 
250 |a Dt. Erstausg. 
264 1 |a Wien  |b Passagen-Verl.  |c 1993 
300 |a 29 S. 
490 1 |a Passagen-Heft  |v 8 
546 |a Aus dem Span. übers. 
650 7 |a Nation  |0 (DE-588)4041279-9  |0 (DE-603)085112968  |2 gnd 
650 7 |a Demokratie  |0 (DE-588)4011413-2  |0 (DE-603)085023183  |2 gnd 
830 0 |t Passagen Heft  |v 8  |w (DE-603)186511639  |w (DE-600)2269831-0  |9 18  |7 as 
924 0 |9 Mb 50  |a (DE-603)086591061  |b DE-Mb50  |c HES  |d c  |g S 13084 
924 0 |9 2080  |a (DE-603)792808975  |b DE-2080  |c HES  |d d  |g /